| 000 | 00683nam a2200265Ia 4500 | ||
|---|---|---|---|
| 001 | 8658 | ||
| 005 | 20240113234126.0 | ||
| 007 | ta | ||
| 008 | 050720s1990 g b000 u eng u | ||
| 020 | _cHB | ||
| 040 | _aCotton College,Assam | ||
| 041 | _aeng | ||
| 082 |
_a370.195 _bRa 13 Co |
||
| 100 | _aRai, BC . | ||
| 245 | 0 |
_aComparative Education: England, America, USSR, India / _cBC Rai. _hTextual Documents |
|
| 250 | _a1st ed. / | ||
| 260 |
_aLucknow : _bPrakashan Kendra , _c1990. |
||
| 300 |
_a409p. ; _c22cm. |
||
| 653 | _aEducation | ||
| 653 | _aComparative Education | ||
| 942 |
_2ddc _cBK |
||
| 999 |
_c8645 _d8645 |
||